000
00280nam a2200097 a 4500
005
20200930070505.0
008
110908s1785 000 spa d
245
0
_a
Vidas de los varones ilustres, que escribio en latÃn Cornelio Nepote.
260
_a
Madrid,
_c
1785.
999
_c
33240
_d
33240
040
_a
DO-SdBNP